000 00961nam a2200229Ia 4500
001 L262-19608
003 IT-CnALBA
008 170116s9999||||xx |||||||||||||| ||und||
040 _aIT-CnALBA
_cIT-CnALBA
041 _aITALIANO
100 _aGIOVANNI PAOLO II, PAPA KAROL WOJTYLA
245 0 _aSOLLICITUDO REI SOCIALIS. NEL XX ANNIVERSARIO DELLA POPURO RUM PROGRESSIO.
250 _a1a ed.
260 _aCINISELLO BALSAMO (MI)
_bEDIZIONI PAOLINE
_c1988 [1° Ed.: n.d.]
300 _a74 p. (prefazione: 3)
500 _aLETTERA ENCICLICA. NOVITÀ NEL MONDO CONTEMPORANEO. SVILUPPO UMANO. PROBLEMI MODERNI. ORIENTAMENTI PARTICOLARI.
501 _aSocietà San Paolo EM - Piazza San Paolo, 14 - 12051 ALBA (CN) (non commercial uses only) ® Copyright 2017
520 _aLETTERA ENCICLICA. NOVITÀ NEL MONDO CONTEMPORANEO. SVILUPPO UMANO. PROBLEMI MODERNI. ORIENTAMENTI PARTICOLARI.
650 _aECCLESIOLOGIA
942 _cBK
957 _71
999 _a24347
_bNO
_g Copie: 1
_c278729
_d278729